Central Library OPAC University of Rajshahi

Projects : (Record no. 45649)

MARC details
000 -LEADER
fixed length control field 00798nam a2200241 a 4500
001 - CONTROL NUMBER
control field 45649
003 - CONTROL NUMBER IDENTIFIER
rucl marc code BD-RJUL
005 - DATE AND TIME OF LATEST TRANSACTION
control field 20211209054040.0
008 - FIXED-LENGTH DATA ELEMENTS--GENERAL INFORMATION
fixed length control field 881017r19971995enk 000 0 eng d
020 ## - INTERNATIONAL STANDARD BOOK NUMBER
International Standard Book Number 0070617295
035 ## - SYSTEM CONTROL NUMBER
System control number (BD-RjUL)45767
040 ## - CATALOGING SOURCE
Original cataloging agency BD-RjUL
Language of cataloging eng
Transcribing agency BD-RjUL
041 ## - LANGUAGE CODE
Language code of text/sound track or separate title eng
082 ## - DEWEY DECIMAL CLASSIFICATION NUMBER
Edition number 23
Classification number 338.9
Author mark and year CHP 2007
100 1# - MAIN ENTRY--PERSONAL NAME
Personal name Chandra, Prasanna
Fuller form of name (David Lewis),
Dates associated with a name 1952-
9 (RLIN) 139726
245 10 - TITLE STATEMENT
Title Projects :
Remainder of title planning, analysis, selection, financing, implementation and review /
Statement of responsibility, etc. Prasanna Chandra
250 ## - EDITION STATEMENT
Edition statement 6th edi.
260 ## - PUBLICATION, DISTRIBUTION, ETC. (IMPRINT)
Place of publication, distribution, etc. Harlow :
Name of publisher, distributor, etc. Longman,
Date of publication, distribution, etc. 2006 [reprint 2007]
300 ## - PHYSICAL DESCRIPTION
Pagination viii, various pg. :
Illustrations ill. ;
Size 25 cm
500 ## - GENERAL NOTE
General note First published by Pitman Publishing Limited 1985
650 ## - SUBJECT ADDED ENTRY--TOPICAL TERM
Topical term or geographic name as entry element Capital investments
General subdivision Management.
Source of heading or term
9 (RLIN) 139727
942 ## - ADDED ENTRY ELEMENTS (KOHA)
Source of classification or shelving scheme Dewey Decimal Classification
Koha item type Books
Holdings
Lost status Source of classification or shelving scheme Damaged status Not for loan Collection code Permanent Location Current Location Shelving location Date acquired Source of acquisition Cost, normal purchase price Total Checkouts Full call number Date last seen Date checked out Copy number Koha item type
  Dewey Decimal Classification     Non-fiction Central Library, University of Rajshahi Central Library, University of Rajshahi   20/04/2008 Dhaka : Paragon Enterprise 395.00 1 338.9 CHP 2007 20/11/2025 12/11/2025 C-2 Books
  Dewey Decimal Classification     Non-fiction Central Library, University of Rajshahi Central Library, University of Rajshahi   17/01/2008 Dhaka paragon enterprises ltd. 395.00   338.9 CHP 2007 24/11/2016   C-3 Books
  Dewey Decimal Classification     Non-fiction Central Library, University of Rajshahi Central Library, University of Rajshahi   17/01/2008 Dhaka paragon enterprises ltd. 395.00   338.9 CHP 2007 29/11/2016   C-4 Books